Score 0/24 Timer 03:00
0 Plays Today
% Correct
Tropicana
85.7%
Snickers
85%
M&M's
84.6%
Red Bull
82.5%
McDonald's
82.4%
Disneyland
82.4%
Burger King
79.6%
Pringles
79.2%
Coca-Cola
75.8%
Playstation
75.5%
Harley-Davidson
74.8%
IMAX
72.2%
% Correct
Carlsberg
71.5%
Nintendo
63.7%
LG
62.3%
VISA
59.6%
Dr Pepper
58.3%
T-Mobile
57.9%
Camel
50.9%
Volkswagen
50%
IBM
48.8%
Phillips
44.2%
Bounty
35.3%
Microsoft
22.3%
Remove Ads.
Support Sporcle.
Get the best of Sporcle when you Go Orange. This ad-free experience offers more features, more stats, and more fun while also helping to support Sporcle. Thank you for becoming a member.

You're not logged in!

Compare scores with friends on all Sporcle quizzes.
OR
Log In

Show Comments

Extras

Top Quizzes Today


Score Distribution

Your Account Isn't Verified!

In order to create a playlist on Sporcle, you need to verify the email address you used during registration. Go to your Sporcle Settings to finish the process.

Report this User

Report this user for behavior that violates our Community Guidelines.

Details: